British Birds by Picture - Geese and Swans - Statistics

General Stats
  • This quiz has been taken 11 times
  • The average score is 13 of 17
Answer Stats
Picture Hint Answer % Correct
Branta canadensis Canada Goose
100%
Cygnus olor Mute Swan
100%
Branta leucopsis Barnacle Goose
80%
Cygnus columbianus Bewick's Swan
80%
Branta bernicla Brent Goose
80%
Branta hutchinsii Cackling Goose
80%
Alopochen aegyptiaca Egyptian Goose
80%
Anser anser Greylag Goose
80%
Anser brachyrhynchus Pink-Footed Goose
80%
Branta ruficollis Red-Breasted Goose
80%
Anser rossii Ross's Goose
80%
Anser caerulescens Snow Goose
80%
Anser albifrons White-Fronted Goose
80%
Cygnus cygnus Whooper Swan
80%
Anser erythropus Lesser White-Fronted Goose
60%
Anser fabalis Taiga Bean Goose
60%
Anser serrirostris Tundra Bean Goose
40%
No matching quizzes found
Score Distribution
Percent of People with Each Score
Percentile by Number Answered
Your Score History
You have not taken this quiz